| 000 | 00487nam a2200181 a 4500 | ||
|---|---|---|---|
| 005 | 20230324063517.0 | ||
| 008 | 991125 mx 000 0 spa u | ||
| 035 | _aUPN01000042079 | ||
| 049 | _aCG | ||
| 050 | 4 | _aPC2111 B4.5 | |
| 100 | 1 | _aBerveiller, Michel | |
| 245 | 1 | 0 |
_aNuevo método de francés : _bgramática / _cMichel Berveiller |
| 260 |
_aMéxico : _bPatria |
||
| 300 | _a247 p. | ||
| 650 | 4 |
_aFrancés _xEstudio y enseñanza _913059 |
|
| 904 |
_aAC _b042081 |
||
| 905 | _aLibro | ||
| 999 |
_c42079 _d42079 |
||